| 000 | 00000nam 2200000za 4500 |
| 001 | 9.811477 |
| 003 | CaOODSP |
| 005 | 20221123120600 |
| 007 | cr ||||||||||| |
| 008 | 160219s2016 onc|||||o f|0| 0 eng d |
| 040 | |aCaOODSP|beng |
| 043 | |an-cn--- |
| 086 | 1 |aYM32-2/2011-66-2E-PDF |
| 100 | 1 |aHudon, Marie-Ève. |
| 245 | 10|aLanguage regimes in the provinces and territories |h[electronic resource] / |c[by] Marie-Ève Hudon. |
| 260 | |aOttawa : |bLibrary of Parliament, |c2016. |
| 300 | |a1 online resource (i, 11, i pages) : |bfigures. |
| 490 | 1 |aBackground paper ; |v2011-66-E |
| 500 | |a20 July 2011, revised 8 January 2016. |
| 500 | |aIssued also in French under title: Régimes linguistiques dans les provinces et les territoires. |
| 504 | |aIncludes bibliographical references. |
| 692 | 07|2gccst|aLegislation |
| 692 | 07|2gccst|aLanguage groups |
| 710 | 1 |aCanada. |bParliamentary Information and Research Service. |
| 775 | 08|tRégimes linguistiques dans les provinces et les territoires |w(CaOODSP)9.811483 |
| 794 | |tLanguage regimes in the provinces and territories / |w(CaOODSP)9.893736 |
| 830 | #0|aBackground paper ;|v2011-66-E|w(CaOODSP)9.504772 |
| 856 | 40|qPDF|s498 KB|uhttps://publications.gc.ca/collections/collection_2016/bdp-lop/bp/YM32-2-2011-66-2-eng.pdf |